书目信息 |
| 题名: |
中国古代文学批评方法研究
|
|
| 作者: | 张伯伟 著 | |
| 分册: | ||
| 出版信息: | 北京 中华书局 2002.05 |
|
| 页数: | 635页 | |
| 开本: | 21cm | |
| 丛书名: | ||
| 单 册: | ||
| 中图分类: | I206.2 | |
| 科图分类: | ||
| 主题词: | 古典文学--文学评论--中国 | |
| 电子资源: | ||
| ISBN: | 7-101-02935-3 | |
| 000 | 00585nam0 2200193 45 | |
| 001 | 0405241587 | |
| 005 | 20040524160829.4 | |
| 010 | @a7-101-02935-3@b精装@dCNY38.00 | |
| 100 | @a20040524d2002 km y0chiy0120 ea | |
| 101 | 0 | @achi |
| 105 | @a z 000yy | |
| 200 | 1 | @a中国古代文学批评方法研究@AZhong Guo Gu Dai Wen Xue Pi Ping Fang Fa YanJiu@f张伯伟著@FZhang Bo Wei Zhu |
| 210 | @a北京@c中华书局@d2002.05 | |
| 215 | @a635页@d21cm | |
| 606 | 0 | @a古典文学@x文学评论@y中国 |
| 690 | @aI206.2@v4 | |
| 701 | @a张伯伟@4著 | |
| 801 | @aCN@bTSTC@c20040524 | |
| 905 | @b333480-484@dI206.2@e202@f5 | |
| 中国古代文学批评方法研究/张伯伟著.-北京:中华书局,2002.05 |
| 635页;21cm |
| ISBN 7-101-02935-3(精装):CNY38.00 |
| ● |
| 相关链接 |
|
|
|
|
正题名:中国古代文学批评方法研究
索取号:I206.2/202
 
预约/预借
| 序号 | 登录号 | 条形码 | 馆藏地/架位号 | 状态 | 备注 |
| 1 | 0333480 | 203334800 | 第二借阅区/ [索取号:I206.2/202] | 在馆 | |
| 2 | 0333481 | 203334819 | 第二借阅区/ [索取号:I206.2/202] | 在馆 | |
| 3 | 0333482 | 203334828 | 第二借阅区/ [索取号:I206.2/202] | 在馆 | |
| 4 | 0333483 | 203334837 | 第二借阅区/ [索取号:I206.2/202] | 在馆 | |
| 5 | 0333484 | 203334846 | 第一样本阅览室/ [索取号:I206.2/202] | 在馆 |